<?xml version="1.0" encoding="UTF-8"?>
<record
    xmlns:xsi="http://www.w3.org/2001/XMLSchema-instance"
    xsi:schemaLocation="http://www.loc.gov/MARC21/slim http://www.loc.gov/standards/marcxml/schema/MARC21slim.xsd"
    xmlns="http://www.loc.gov/MARC21/slim">

  <leader>00926nam a22001937a 4500</leader>
  <controlfield tag="003">CEME</controlfield>
  <controlfield tag="005">20210628202822.0</controlfield>
  <controlfield tag="008">210125b        xxu||||| |||| 00| 0 eng d</controlfield>
  <datafield tag="020" ind1=" " ind2=" ">
    <subfield code="a">0-7506-7123-8</subfield>
  </datafield>
  <datafield tag="040" ind1=" " ind2=" ">
    <subfield code="c">.</subfield>
  </datafield>
  <datafield tag="082" ind1=" " ind2=" ">
    <subfield code="a">681.2 INS</subfield>
  </datafield>
  <datafield tag="100" ind1=" " ind2=" ">
    <subfield code="a">Boyes, Walt</subfield>
    <subfield code="9">61786</subfield>
  </datafield>
  <datafield tag="245" ind1=" " ind2=" ">
    <subfield code="a">Instrumentation reference book</subfield>
  </datafield>
  <datafield tag="250" ind1=" " ind2=" ">
    <subfield code="a">3RD</subfield>
  </datafield>
  <datafield tag="260" ind1=" " ind2=" ">
    <subfield code="a">NEW DELHI</subfield>
    <subfield code="b">BUTTERWORTH HEINEMAN</subfield>
    <subfield code="c">2003</subfield>
  </datafield>
  <datafield tag="300" ind1=" " ind2=" ">
    <subfield code="a">XV,1060 P</subfield>
  </datafield>
  <datafield tag="650" ind1=" " ind2=" ">
    <subfield code="a">MECHANICAL MEASUREMENTS. MEASUREMENT OF FLOW. MEASUREMENT OF VISCOSITY. MEASUREMENT OF LENGTH. MEASUREMENT OF STRAIN. MEASUREMENT OF LEVEL AND VOLUME.VIBRATION. MEASUREMENT OF FORCE. MEASUREMENT OF DENSITY. MEASUREMENT OF PRESSURE. MEASUREMENT OF VACUUM.FIBER OPTICS IN SENSOR INSTRUMENTATION.MICROPROCESSOR BASED INTELLIGENT TRANSMITTERS. MEASUREMENT OF TEMPERATURE. MEASUREMENT OF CHEMICAL COMPOSITION.ELECTRICAL AND RADIATION  MEASUREMENT.INSTRUMENTATION SYSTEMS.</subfield>
    <subfield code="9">61787</subfield>
  </datafield>
  <datafield tag="942" ind1=" " ind2=" ">
    <subfield code="c">BK</subfield>
    <subfield code="2">ddc</subfield>
  </datafield>
  <datafield tag="999" ind1=" " ind2=" ">
    <subfield code="c">571118</subfield>
    <subfield code="d">571118</subfield>
  </datafield>
  <datafield tag="952" ind1=" " ind2=" ">
    <subfield code="0">0</subfield>
    <subfield code="1">0</subfield>
    <subfield code="4">0</subfield>
    <subfield code="7">0</subfield>
    <subfield code="a">CEME</subfield>
    <subfield code="b">CEME</subfield>
    <subfield code="c">REF</subfield>
    <subfield code="d">2017-07-21</subfield>
    <subfield code="l">0</subfield>
    <subfield code="o">681.2 INS</subfield>
    <subfield code="p">CEME-41741</subfield>
    <subfield code="r">2021-06-28</subfield>
    <subfield code="w">2021-06-28</subfield>
    <subfield code="y">BK</subfield>
  </datafield>
</record>
